[Event "Kingston Invitational Swiss"]
[Site "Kingston-upon-Thames"]
[Date "2025.08.15"]
[Round "8.17"]
[White "Yu, Rock"]
[Black "Cowan, Xavier"]
[Result "1-0"]
[WhiteElo "2107"]
[BlackElo "1854"]
[PlyCount "125"]
[EventDate "2025.08.12"]
[EventType "swiss"]
[EventRounds "9"]
[EventCountry "ENG"]

1. Nf3 Nf6 2. c4 g6 3. g3 Bg7 4. Bg2 c6 5. O-O O-O 6. d3 d6 7. Nc3 e5 8. e4 Bg4 9. h3 Bxf3 10. Bxf3 Nbd7 11. Be3 Ne8 12. Bg2 f5 13. exf5 gxf5 14. Qd2 Qf6 15. f4 Qg6 16. Qf2 Nef6 17. Rae1 Rae8 18. Bf3 h5 19. Kh2 Bh6 20. Qd2 Kh8 21. Rg1 Rg8 22. d4 e4 23. Be2 d5 24. c5 Nf8 25. b4 Ne6 26. a4 Qh7 27. h4 Ng4+ 28. Bxg4 hxg4 29. b5 Bg7 30. Rb1 Rb8 31. Rb3 Bf6 32. Rgb1 Qc7 33. Ne2 Rgd8 34. b6 axb6 35. Rxb6 Rd7 36. a5 Nd8 37. Qb4 Rh7 38. Kg2 Ra8 39. Nc3 Qe7 40. Bf2 Ra7 41. Nd1 Qd7 42. Ne3 Kg7 43. Ra1 Kg6 44. Nc2 Re7 45. Be3 Rh7 46. Qb3 Qe7 47. Nb4 Qd7 48. Qa4 Qc8 49. a6 Rc7 50. Nxd5 cxd5 51. Qe8+ Kg7 52. h5 Rc6 53. Qg6+ Kf8 54. h6 Bh8 55. Qh7 Nf7 56. axb7 Rxb7 57. Rxc6 Rb2+ 58. Bf2 Qxc6 59. Ra7 Qe6 60. Rxf7+ Qxf7 61. Qxh8+ Ke7 62. h7 Rb7 63. Qe5+ 1-0

[Event "Kingston Invitational Swiss"]
[Site "Kingston-upon-Thames"]
[Date "2025.08.15"]
[Round "8.18"]
[White "Gosling, Marcus"]
[Black "Waddington, Mike P"]
[Result "0-1"]
[WhiteElo "1909"]
[BlackElo "2034"]
[PlyCount "104"]
[EventDate "2025.08.12"]
[EventType "swiss"]
[EventRounds "9"]
[EventCountry "ENG"]

1. Nf3 Nf6 2. c4 g6 3. d4 c5 4. d5 d6 5. Nc3 Bg7 6. g3 O-O 7. Bg2 Bg4 8. O-O Qc8 9. Qc2 Bh3 10. e4 Bxg2 11. Kxg2 Nbd7 12. h3 a6 13. a4 Qc7 14. Bf4 Nh5 15. Be3 Nb6 16. Qe2 Rae8 17. Rfd1 e5 18. dxe6 fxe6 19. e5 dxe5 20. Ne4 Qc6 21. Bxc5 Rf4 22. Bxb6 Rxe4 23. Be3 Nf4+ 24. gxf4 exf4 25. Kg1 fxe3 26. fxe3 Rxc4 27. Nd4 Qc7 28. Qg2 Bxd4 29. exd4 Rc2 30. Rd2 Rc1+ 31. Rxc1 Qxc1+ 32. Kh2 Rf8 33. Rf2 Qc7+ 34. Kg1 Rf5 35. Rxf5 exf5 36. d5 b5 37. axb5 axb5 38. Qf2 Qe5 39. Qc5 Qg3+ 40. Kh1 Qxh3+ 41. Kg1 Qg3+ 42. Kh1 Qe1+ 43. Kg2 Qe2+ 44. Kh1 Qc4 45. Qc6 Kg7 46. Qd7+ Kf6 47. Qd6+ Kg5 48. Qe7+ Kg4 49. d6 Qc1+ 50. Kh2 Qd2+ 51. Kg1 Kf3 52. Qb7+ Kg3 0-1

[Event "Kingston Invitational Swiss"]
[Site "Kingston-upon-Thames"]
[Date "2025.08.15"]
[Round "8.19"]
[White "Andal, Edmond"]
[Black "Gajowniczek, Maks"]
[Result "1/2-1/2"]
[WhiteElo "2011"]
[BlackElo "1847"]
[PlyCount "113"]
[EventDate "2025.08.12"]
[EventType "swiss"]
[EventRounds "9"]
[EventCountry "ENG"]

1. Nf3 c5 2. b3 d6 3. e3 Nf6 4. d4 g6 5. Bb2 Bg7 6. Bb5+ Bd7 7. Bxd7+ Nbxd7 8. O-O cxd4 9. exd4 d5 10. Re1 O-O 11. Nbd2 Nb6 12. Qe2 e6 13. a4 Qc7 14. c3 Rfd8 15. g3 Nc8 16. Ne5 Nd6 17. f3 Nd7 18. Nd3 h5 19. Kg2 Nf5 20. Rac1 Bh6 21. f4 Bg7 22. Ba3 Rac8 23. Nf3 Qb6 24. Nd2 Rc6 25. Nc5 Qc7 26. b4 Qc8 27. Qe3 b6 28. b5 Nxc5 29. dxc5 Rc7 30. c6 a6 31. Bb4 Ra7 32. Re2 axb5 33. axb5 Qc7 34. Nf3 Bf8 35. Nd4 Nxd4 36. Qxd4 Ra4 37. Rb1 Rda8 38. Qe5 Qxe5 39. fxe5 d4 40. Bxf8 Kxf8 41. cxd4 Rxd4 42. Rc2 Rd5 43. Re2 Ke8 44. Rb4 Rc5 45. Kf3 Ra5 46. Reb2 Rxe5 47. Rc4 Kd8 48. Rd4+ Kc8 49. Rbb4 Rd5 50. Ke4 Kc7 51. Rd3 g5 52. h4 g4 53. Rb2 f6 54. Rbb3 Rc5 55. Kd4 Rd5+ 56. Ke4 Re5+ 57. Kd4 1/2-1/2

[Event "Kingston Invitational Swiss"]
[Site "Kingston-upon-Thames"]
[Date "2025.08.15"]
[Round "8.20"]
[White "Han, Qixuan"]
[Black "Fegan, Chris"]
[Result "1-0"]
[WhiteElo "1896"]
[BlackElo "1994"]
[PlyCount "109"]
[EventDate "2025.08.12"]
[EventType "swiss"]
[EventRounds "9"]
[EventCountry "ENG"]

1. Nf3 Nf6 2. e3 c5 3. c4 g6 4. d4 Bg7 5. Nc3 O-O 6. Be2 cxd4 7. exd4 d5 8. O-O dxc4 9. Bxc4 Bg4 10. d5 Nbd7 11. h3 Bxf3 12. Qxf3 Ne5 13. Qe2 Nxc4 14. Qxc4 Rc8 15. Qb3 b6 16. Bg5 Qd7 17. Rfe1 Qf5 18. Bh4 Rfe8 19. Rad1 h6 20. Qa3 h5 21. Qxa7 g5 22. Bg3 h4 23. Bh2 g4 24. hxg4 Nxg4 25. Qxb6 Nxh2 26. Kxh2 Be5+ 27. Kg1 Rb8 28. Qe3 Rxb2 29. Ne4 Ra8 30. d6 exd6 31. Nxd6 Bxd6 32. Rxd6 Raxa2 33. Rf1 Re2 34. Qh6 Re8 35. Qxh4 Qe5 36. Rd3 Ra6 37. Rg3+ Rg6 38. Rxg6+ fxg6 39. Rd1 Rf8 40. Qc4+ Kh8 41. Qg4 Qf6 42. Qg3 Kg7 43. Rd7+ Rf7 44. Rxf7+ Qxf7 45. Qe5+ Kh7 46. f4 Qa7+ 47. Kh2 Qf2 48. Kh3 Qf1 49. Qe7+ Kh6 50. Qe5 Qd3+ 51. Kh2 Kh7 52. Qe6 Qd2 53. Qf7+ Kh6 54. Qf6 Qe2 55. Qh8# 1-0

[Event "Kingston Invitational Swiss"]
[Site "Kingston-upon-Thames"]
[Date "2025.08.15"]
[Round "8.21"]
[White "Pirgon, Joshua"]
[Black "Stevenson, James"]
[Result "1/2-1/2"]
[WhiteElo "1849"]
[BlackElo "1969"]
[PlyCount "37"]
[EventDate "2025.08.12"]
[EventType "swiss"]
[EventRounds "9"]
[EventCountry "ENG"]

1. e4 Nc6 2. Nf3 d6 3. Bb5 Nf6 4. Nc3 g6 5. d4 a6 6. Bxc6+ bxc6 7. h3 Bg7 8. Be3 Rb8 9. Rb1 a5 10. O-O O-O 11. Qd2 Bb7 12. e5 dxe5 13. Nxe5 Ne4 14. Nxe4 Qd5 15. c4 Qd6 16. c5 Qd5 17. Qxa5 Bxe5 18. dxe5 Qxe5 19. Qc3 1/2-1/2

[Event "Kingston Invitational Swiss"]
[Site "Kingston-upon-Thames"]
[Date "2025.08.15"]
[Round "8.22"]
[White "Kumar, Sachin"]
[Black "Skettos, Nicolas"]
[Result "1-0"]
[WhiteElo "1800"]
[BlackElo "1968"]
[PlyCount "149"]
[EventDate "2025.08.12"]
[EventType "swiss"]
[EventRounds "9"]
[EventCountry "ENG"]

1. e4 e6 2. d4 d5 3. Nc3 dxe4 4. Nxe4 Nd7 5. Nf3 Ngf6 6. Nxf6+ Nxf6 7. Bd3 c5 8. c3 cxd4 9. Nxd4 Be7 10. O-O O-O 11. Bf4 Nd5 12. Bg3 Qb6 13. Qb3 Qxb3 14. Nxb3 Rd8 15. Be4 f5 16. Bxd5 Rxd5 17. Rad1 Bd7 18. Rxd5 exd5 19. Re1 Kf7 20. Be5 Re8 21. Bd4 b6 22. g3 g6 23. Kg2 Ba4 24. Nd2 Bc2 25. h4 Rc8 26. Rc1 Bd3 27. f4 h6 28. Nf3 Be4 29. Kf2 Bc5 30. Ne5+ Kg7 31. Rd1 a5 32. Nd7+ Kf7 33. Ne5+ Kg7 34. Nd7+ Bxd4+ 35. Rxd4 b5 36. Ne5 Kf6 37. a4 g5 38. axb5 gxf4 39. gxf4 Rg8 40. Kf1 Ke6 41. Ra4 Ra8 42. Nc6 Kd7 43. Rxa5 Bd3+ 44. Kf2 Rxa5 45. Nxa5 Bxb5 46. Nb3 Kd6 47. Ke3 Ba4 48. Nd4 Bd7 49. Nf3 Kc5 50. Ne5 Be8 51. b4+ Kd6 52. Kd4 h5 53. c4 dxc4 54. Kxc4 Ba4 55. b5 Bxb5+ 56. Kxb5 Kd5 57. Kb6 Ke4 58. Ng6 Kd5 59. Kc7 Ke6 60. Kc6 Kf6 61. Ne5 Ke6 62. Kc5 Ke7 63. Kd5 Kf6 64. Kd6 Kg7 65. Ke6 Kh6 66. Kxf5 Kg7 67. Kg5 Kh7 68. Kxh5 Kg7 69. Kg5 Kh7 70. Nf3 Kg7 71. h5 Kh7 72. h6 Kg8 73. Kg6 Kh8 74. Ne5 Kg8 75. h7+ 1-0

[Event "Kingston Invitational Swiss"]
[Site "Kingston-upon-Thames"]
[Date "2025.08.15"]
[Round "8.23"]
[White "Hughes, Anthony"]
[Black "Kumar, Arnav"]
[Result "1/2-1/2"]
[WhiteElo "1930"]
[BlackElo "1814"]
[PlyCount "68"]
[EventDate "2025.08.12"]
[EventType "swiss"]
[EventRounds "9"]
[EventCountry "ENG"]

1. c4 Nf6 2. Nc3 e6 3. e4 d5 4. e5 d4 5. exf6 dxc3 6. bxc3 Qxf6 7. d4 b6 8. Nf3 Bb7 9. Be2 Bd6 10. Qd3 Qg6 11. Qxg6 hxg6 12. h3 Nd7 13. Be3 O-O 14. O-O e5 15. Nd2 Nf6 16. Bf3 Bxf3 17. Nxf3 Ne4 18. dxe5 Ba3 19. Rad1 Rfd8 20. Bg5 f6 21. exf6 gxf6 22. Bf4 Nxc3 23. Rxd8+ Rxd8 24. Bxc7 Rc8 25. Bg3 Rxc4 26. Re1 Re4 27. Rxe4 Nxe4 28. Bb8 a5 29. Bc7 Bc5 30. Kf1 Nxf2 31. Ke2 Kf7 32. Nd2 f5 33. Nc4 Ne4 34. Kd3 Ke6 1/2-1/2

[Event "Kingston Invitational Swiss"]
[Site "Kingston-upon-Thames"]
[Date "2025.08.15"]
[Round "8.24"]
[White "Razhnou, Lev"]
[Black "Eckert, Jonathan"]
[Result "1/2-1/2"]
[WhiteElo "1821"]
[BlackElo "1770"]
[PlyCount "95"]
[EventDate "2025.08.12"]
[EventType "swiss"]
[EventRounds "9"]
[EventCountry "ENG"]

1. d4 e6 2. Bf4 f5 3. Nf3 Nf6 4. e3 b6 5. c4 Bb7 6. Nc3 a6 7. Bd3 Bd6 8. Bg3 O-O 9. Qc2 Nc6 10. a3 Bxg3 11. hxg3 Ne7 12. O-O-O d5 13. Ne5 Ne4 14. Bxe4 fxe4 15. Qe2 Nf5 16. Qh5 Nh6 17. g4 Rxf2 18. g5 Rf5 19. Rdf1 Qxg5 20. Qh3 Raf8 21. Rxf5 Rxf5 22. g4 Rf3 23. Nxf3 exf3 24. Qxf3 Qxg4 25. Qxg4 Nxg4 26. cxd5 Nxe3 27. Re1 Nxd5 28. Rxe6 Nxc3 29. bxc3 Bd5 30. Re5 c6 31. Re8+ Kf7 32. Rd8 b5 33. Ra8 h5 34. Kd2 g5 35. Ke3 Kg6 36. Rxa6 h4 37. Ra8 Kf5 38. Rh8 Kg4 39. Kf2 Kh3 40. Rh7 Kg4 41. Rh6 Kh3 42. Rh7 g4 43. Rh6 g3+ 44. Kg1 Kg4 45. Rg6+ Kf4 46. Rh6 Kg5 47. Rh7 Kg4 48. Rg7+ 1/2-1/2

[Event "Kingston Invitational Swiss"]
[Site "Kingston-upon-Thames"]
[Date "2025.08.15"]
[Round "8.25"]
[White "Keen, Maya"]
[Black "Bhatia, Jai"]
[Result "1/2-1/2"]
[WhiteElo "1805"]
[BlackElo "1708"]
[PlyCount "142"]
[EventDate "2025.08.12"]
[EventType "swiss"]
[EventRounds "9"]
[EventCountry "ENG"]

1. d4 d5 2. c4 e6 3. Nf3 Nc6 4. g3 Nge7 5. Bg2 g6 6. O-O Bg7 7. e3 O-O 8. Nbd2 b6 9. Qc2 Bb7 10. a3 a5 11. Rd1 f5 12. b3 Kh8 13. Bb2 Rb8 14. Ne1 Qd7 15. Ndf3 Qe8 16. Nd3 Ng8 17. Ng5 h6 18. Nxe6 Qxe6 19. cxd5 Qe8 20. dxc6 Bc8 21. Nf4 g5 22. Nd5 Qf7 23. Nc3 f4 24. Bd5 Qh5 25. exf4 gxf4 26. f3 fxg3 27. hxg3 Nf6 28. Qh2 Bh3 29. g4 Qh4 30. Qf2 Qxf2+ 31. Kxf2 Nxd5 32. Nxd5 Bxg4 33. Rd3 Bf5 34. Rd2 Rf7 35. Re1 Rbf8 36. f4 Kh7 37. Kf3 Bf6 38. Nxf6+ Rxf6 39. d5 R6f7 40. Re5 h5 41. Rd4 Bg4+ 42. Ke3 h4 43. Rg5 Rg8 44. Rxg8 Kxg8 45. f5 Re7+ 46. Kf4 Be2 47. f6 Rh7 48. d6 cxd6 49. Rxd6 Rf7 50. Re6 Bh5 51. Kg5 h3 52. Re8+ Rf8 53. Rxf8+ Kxf8 54. Be5 Bf7 55. Kh4 Bxb3 56. Kxh3 Be6+ 57. Kg3 Ke8 58. Bc7 Kf7 59. Bxb6 Kxf6 60. Bxa5 Ke5 61. c7 Kd6 62. Kf4 Kc6 63. Ke5 Bh3 64. a4 Kb7 65. Kd6 Ka6 66. Bc3 Kb7 67. a5 Kc8 68. Kc6 Bg2+ 69. Kb6 Ba8 70. a6 Be4 71. Be5 Ba8 1/2-1/2

[Event "Kingston Invitational Swiss"]
[Site "Kingston-upon-Thames"]
[Date "2025.08.15"]
[Round "8.26"]
[White "Adams, Mark A"]
[Black "Lin, William"]
[Result "1/2-1/2"]
[WhiteElo "1912"]
[BlackElo "1678"]
[PlyCount "98"]
[EventDate "2025.08.12"]
[EventType "swiss"]
[EventRounds "9"]
[EventCountry "ENG"]

1. e4 c5 2. Nf3 d6 3. d4 cxd4 4. Nxd4 Nf6 5. f3 g6 6. c4 Nc6 7. Be3 Bg7 8. Nc3 Qa5 9. Qd2 Be6 10. Rc1 Rc8 11. b3 Nd7 12. Be2 Nc5 13. O-O O-O 14. Rfd1 Rfd8 15. Bf1 a6 16. Kh1 Nd7 17. Nxc6 bxc6 18. Bh6 Bxh6 19. Qxh6 Qe5 20. Qd2 Nf6 21. g3 Qa5 22. Nd5 Qxd2 23. Nxf6+ exf6 24. Rxd2 c5 25. Rcd1 Rc6 26. Bd3 Kf8 27. Kg2 Ke7 28. f4 a5 29. a4 Rb8 30. Bc2 f5 31. exf5 Bxf5 32. Bxf5 gxf5 33. Re1+ Kf6 34. Re3 Rb4 35. Kf2 Rcb6 36. Rdd3 Kg6 37. Ke2 Rb8 38. Kd2 h5 39. h4 Rg8 40. Kc2 Rbb8 41. Re2 Rh8 42. Ree3 Rb6 43. Re2 Rd8 44. Ree3 Rb7 45. Rd5 Rbd7 46. Kc3 Rb7 47. Kc2 Rbd7 48. Kc3 Rc8 49. Kc2 Rc6 1/2-1/2

[Event "Kingston Invitational Swiss"]
[Site "Kingston-upon-Thames"]
[Date "2025.08.16"]
[Round "9.1"]
[White "Lund, Gunnar"]
[Black "Rushbrooke, Remy"]
[Result "1/2-1/2"]
[WhiteElo "2326"]
[BlackElo "2090"]
[PlyCount "130"]
[EventDate "2025.08.12"]
[EventType "swiss"]
[EventRounds "9"]
[EventCountry "ENG"]

1. d4 d5 2. c4 c6 3. Nc3 Nf6 4. e3 e6 5. Nf3 Nbd7 6. Be2 b6 7. O-O Bb7 8. b3 Bd6 9. Bb2 O-O 10. Bd3 c5 11. cxd5 Nxd5 12. Nxd5 Bxd5 13. e4 Bb7 14. d5 exd5 15. exd5 Nf6 16. Re1 Nxd5 17. Be4 Rb8 18. Qd3 Nf6 19. Bxf6 Bxe4 20. Bxd8 Bxd3 21. Be7 Bxe7 22. Rxe7 a5 23. Rd1 Bf5 24. h3 h6 25. Ne5 Rfe8 26. Rxe8+ Rxe8 27. Nc4 Re2 28. a3 Be6 29. Nxb6 Bxb3 30. Rd8+ Kh7 31. Nd7 g5 32. Nxc5 a4 33. Rd4 Ra2 34. Nxa4 Rxa3 35. Nc5 Bc2 36. Nd7 Rd3 37. Rxd3 Bxd3 38. Ne5 Bg6 39. g3 f6 40. Nc4 Bf7 41. Ne3 Be6 42. Kg2 Kg6 43. h4 gxh4 44. gxh4 Bc8 45. Kg3 Bb7 46. Kf4 Kh5 47. Kg3 Kg6 48. Nc2 Kf5 49. Nd4+ Ke5 50. Nb5 Bc8 51. f4+ Kd5 52. Kf3 Bd7 53. Nc3+ Kd4 54. Ne2+ Kd3 55. Ng3 f5 56. Nh5 Be8 57. Nf6 Bf7 58. Nd7 Kd4 59. Ne5 Be8 60. Kg3 Kd5 61. Nd3 Kd4 62. Ne5 Kd5 63. Kf3 Kd4 64. Kf2 Ke4 65. Kg3 Kd5 1/2-1/2

[Event "Kingston Invitational Swiss"]
[Site "Kingston-upon-Thames"]
[Date "2025.08.16"]
[Round "9.2"]
[White "Grave, Jacob Templen"]
[Black "Kothari, Jai"]
[Result "1-0"]
[WhiteElo "2366"]
[BlackElo "2051"]
[PlyCount "51"]
[EventDate "2025.08.12"]
[EventType "swiss"]
[EventRounds "9"]
[EventCountry "ENG"]

1. e4 c5 2. Nf3 Nc6 3. Bb5 g6 4. O-O Bg7 5. c3 e5 6. d4 cxd4 7. cxd4 exd4 8. Bf4 Nge7 9. Bd6 O-O 10. Nbd2 a6 11. Bd3 b6 12. b4 Bb7 13. Qb3 Qe8 14. Nc4 Qd8 15. a4 Re8 16. Ng5 Nc8 17. Nxf7 Qf6 18. Nce5 Nxe5 19. Nxe5+ Kh8 20. Nf7+ Kg8 21. Nh6+ Kh8 22. e5 Qf4 23. Nf7+ Kg8 24. Nd8+ Kh8 25. Nxb7 Ra7 26. Qd5 1-0

[Event "Kingston Invitational Swiss"]
[Site "Kingston-upon-Thames"]
[Date "2025.08.16"]
[Round "9.3"]
[White "Villiers, Thomas"]
[Black "Hawksworth, John C"]
[Result "1/2-1/2"]
[WhiteElo "2156"]
[BlackElo "2351"]
[PlyCount "31"]
[EventDate "2025.08.12"]
[EventType "swiss"]
[EventRounds "9"]
[EventCountry "ENG"]

1. e4 c5 2. Nf3 e6 3. d4 cxd4 4. Nxd4 Nf6 5. Bd3 Nc6 6. Nxc6 dxc6 7. Bf4 Bc5 8. O-O Nd7 9. e5 Bd4 10. Qh5 Bxb2 11. Nd2 Bxa1 12. Rxa1 Nc5 13. Nc4 Nxd3 14. Nd6+ Qxd6 15. exd6 Nxf4 16. Qe5 1/2-1/2

[Event "Kingston Invitational Swiss"]
[Site "Kingston-upon-Thames"]
[Date "2025.08.16"]
[Round "9.4"]
[White "Makepeace, Philip J"]
[Black "Rudzinska, Michalina"]
[Result "0-1"]
[WhiteElo "2081"]
[BlackElo "2200"]
[PlyCount "90"]
[EventDate "2025.08.12"]
[EventType "swiss"]
[EventRounds "9"]
[EventCountry "ENG"]

1. e4 c5 2. Nf3 d6 3. Bb5+ Bd7 4. Bxd7+ Qxd7 5. c4 e5 6. Nc3 Be7 7. d3 Bd8 8. O-O Ne7 9. Nd5 O-O 10. Ne1 Nbc6 11. f4 exf4 12. Bxf4 Nxd5 13. cxd5 Nd4 14. Qh5 Bf6 15. Be3 g6 16. Qd1 Bg7 17. Qd2 f5 18. Nf3 Nxf3+ 19. gxf3 fxe4 20. dxe4 Rf7 21. Rf2 b5 22. Raf1 a5 23. f4 Re8 24. e5 dxe5 25. fxe5 Rxf2 26. Rxf2 Rxe5 27. d6 h5 28. Bf4 Rf5 29. Be3 Re5 30. Bf4 Re6 31. Rf3 Bd4+ 32. Kg2 Qe8 33. Kf1 b4 34. Bg3 Qc6 35. Qd3 Qd5 36. b3 Kg7 37. h4 Re8 38. Bf4 Qe6 39. Kg2 Qe1 40. Bh2 Re2+ 41. Kh3 Rd2 42. Qc4 Rxh2+ 43. Kxh2 Qg1+ 44. Kh3 Qg4+ 45. Kh2 Be5+ 0-1

[Event "Kingston Invitational Swiss"]
[Site "Kingston-upon-Thames"]
[Date "2025.08.16"]
[Round "9.5"]
[White "Lalic, Susan K"]
[Black "Rudd, Jack"]
[Result "0-1"]
[WhiteElo "2204"]
[BlackElo "2259"]
[PlyCount "120"]
[EventDate "2025.08.12"]
[EventType "swiss"]
[EventRounds "9"]
[EventCountry "ENG"]

1. e4 c6 2. d4 d5 3. Nd2 dxe4 4. Nxe4 Nd7 5. Bc4 Ngf6 6. Nxf6+ Nxf6 7. c3 g6 8. Nf3 Bg7 9. O-O O-O 10. Re1 Nd5 11. Bg5 Be6 12. Qd2 Re8 13. Bh6 Bf6 14. Ne5 Qd6 15. Rad1 Rad8 16. Qe2 Nc7 17. Bf4 Bxc4 18. Qxc4 Qd5 19. Qe2 Ne6 20. Bg3 Qxa2 21. Ra1 Qb3 22. Ra3 Qd5 23. Rxa7 c5 24. dxc5 Nxc5 25. c4 Qd2 26. Qxd2 Rxd2 27. b4 Bxe5 28. bxc5 Bxg3 29. hxg3 Rb2 30. c6 bxc6 31. Rexe7 Rxe7 32. Rxe7 Rc2 33. Re4 h5 34. g4 hxg4 35. Rxg4 Kg7 36. Rf4 f5 37. g4 Kf6 38. gxf5 gxf5 39. Kg2 Kg5 40. Kg3 c5 41. Rf3 Rxc4 42. Ra3 Rb4 43. Ra5 Rb3+ 44. Kg2 c4 45. Rc5 Rc3 46. Kf1 Rc2 47. Ke1 Kg4 48. f3+ Kf4 49. Kd1 Rc3 50. Kd2 Rd3+ 51. Kc2 Re3 52. Rxc4+ Kxf3 53. Kd2 f4 54. Rc8 Re7 55. Rf8 Kg3 56. Rg8+ Kf2 57. Kd3 f3 58. Kd2 Rd7+ 59. Kc2 Ke2 60. Re8+ Kf1 0-1

[Event "Kingston Invitational Swiss"]
[Site "Kingston-upon-Thames"]
[Date "2025.08.16"]
[Round "9.6"]
[White "Xian, Junhao"]
[Black "Achour, Mohamed Anis"]
[Result "1-0"]
[WhiteElo "2159"]
[BlackElo "2126"]
[PlyCount "55"]
[EventDate "2025.08.12"]
[EventType "swiss"]
[EventRounds "9"]
[EventCountry "ENG"]

1. d4 Nf6 2. c4 e6 3. Nf3 d5 4. Bg5 dxc4 5. Nc3 a6 6. a4 Nc6 7. e4 h6 8. Bxf6 Qxf6 9. Bxc4 Bb4 10. O-O O-O 11. e5 Qe7 12. Ne4 Rd8 13. Qd3 Ba5 14. Qe3 Bb6 15. Rfd1 Nb4 16. Qf4 Bd7 17. Ra3 Bc6 18. Nf6+ Kf8 19. Ng5 hxg5 20. Rh3 Qc5 21. Qxg5 Bxa4 22. Rh8+ Ke7 23. Ne4+ Kd7 24. dxc5+ Bxd1 25. Rxd8+ Rxd8 26. cxb6 a5 27. Nc5+ Kc8 28. Qe7 1-0

[Event "Kingston Invitational Swiss"]
[Site "Kingston-upon-Thames"]
[Date "2025.08.16"]
[Round "9.7"]
[White "Healey, Michael W"]
[Black "Verma, Aditya"]
[Result "0-1"]
[WhiteElo "2135"]
[BlackElo "2093"]
[PlyCount "144"]
[EventDate "2025.08.12"]
[EventType "swiss"]
[EventRounds "9"]
[EventCountry "ENG"]

1. e4 c5 2. Nc3 d6 3. Nge2 Nf6 4. d4 cxd4 5. Nxd4 g6 6. g3 Bg7 7. Bg2 O-O 8. O-O Nc6 9. Nde2 Bd7 10. Nd5 Nxd5 11. exd5 Ne5 12. h3 Rc8 13. Rb1 Qa5 14. Bd2 Qxa2 15. Bc3 Bb5 16. Re1 Bxe2 17. Rxe2 Qc4 18. Kh1 Rfe8 19. Bd4 Nd7 20. Bxg7 Kxg7 21. Qd2 Nf6 22. Rbe1 Rc7 23. Kh2 b5 24. f4 Rc5 25. b3 Qc3 26. Qd1 Rc7 27. Rf1 a5 28. Rf3 Qb4 29. Qa1 Kg8 30. f5 Rec8 31. fxg6 hxg6 32. Qc1 Qd4 33. Rf4 Qc3 34. Rh4 Nh7 35. Rf2 Qg7 36. Rhf4 Nf6 37. Qd1 Rf8 38. Qe2 Nh5 39. Re4 Qc3 40. Bf3 Nf6 41. Rh4 Qe5 42. Qd2 Nh7 43. Qxa5 Rfc8 44. c4 Qe3 45. Kg2 bxc4 46. bxc4 Rxc4 47. Rxc4 Rxc4 48. Re2 Qd3 49. Qd8+ Kg7 50. Qxe7 Rc2 51. Rxc2 Qxc2+ 52. Kh1 Qc1+ 53. Kh2 Qb2+ 54. Bg2 Qf6 55. Qe3 Nf8 56. Qe8 Qf5 57. Qe7 Qf6 58. Qe8 Nh7 59. Qe4 Ng5 60. Qg4 Qe5 61. Qc4 Nh7 62. Qd3 Nf6 63. Qf3 Qd4 64. Kh1 Nd7 65. Qa3 Qe5 66. Qf3 Nb6 67. Qb3 Qd4 68. Kh2 Nd7 69. Qa3 Qc5 70. Qa1+ Ne5 71. Qb2 Qe3 72. Kh1 Qxg3 0-1

[Event "Kingston Invitational Swiss"]
[Site "Kingston-upon-Thames"]
[Date "2025.08.16"]
[Round "9.8"]
[White "McMichael, Richard J"]
[Black "Claverie, Raul"]
[Result "1-0"]
[WhiteElo "2112"]
[BlackElo "2180"]
[PlyCount "59"]
[EventDate "2025.08.12"]
[EventType "swiss"]
[EventRounds "9"]
[EventCountry "ENG"]

1. b3 d6 2. Bb2 Nd7 3. e3 Ngf6 4. c4 g6 5. Nf3 Bg7 6. Nc3 O-O 7. Be2 e5 8. d4 Re8 9. Qc2 c6 10. O-O-O a6 11. h3 b5 12. dxe5 dxe5 13. g4 e4 14. Nd2 bxc4 15. Nxc4 Nd5 16. Nxd5 Bxb2+ 17. Qxb2 cxd5 18. Rxd5 Qh4 19. Nd6 Re7 20. Rhd1 Qxf2 21. Kb1 Nf6 22. Rf1 Qxf1+ 23. Bxf1 Nxd5 24. Qd4 Be6 25. Bc4 Rd8 26. Nxe4 Bf5 27. gxf5 Rxe4 28. Qd2 gxf5 29. Bxd5 Kf8 30. Qa5 1-0

[Event "Kingston Invitational Swiss"]
[Site "Kingston-upon-Thames"]
[Date "2025.08.16"]
[Round "9.9"]
[White "Josse, Mark"]
[Black "Han, Qixiang"]
[Result "1-0"]
[WhiteElo "2113"]
[BlackElo "2070"]
[PlyCount "159"]
[EventDate "2025.08.12"]
[EventType "swiss"]
[EventRounds "9"]
[EventCountry "ENG"]

1. c4 e5 2. Nc3 Nc6 3. Nf3 f5 4. g3 Nf6 5. d4 exd4 6. Nxd4 g6 7. Bg2 Bg7 8. O-O O-O 9. Nxc6 bxc6 10. Qc2 Rb8 11. Rd1 Bb7 12. Be3 a6 13. Ba7 Ra8 14. Bd4 d6 15. c5 d5 16. e3 Qe7 17. b4 Ne4 18. a4 Rae8 19. Nxe4 fxe4 20. Qc3 Bxd4 21. Qxd4 Rf6 22. Rd2 Ref8 23. Raa2 h5 24. Rac2 h4 25. Qa1 Qh7 26. Qe5 Bc8 27. b5 Rf5 28. Qb2 hxg3 29. fxg3 Qf7 30. Rc1 cxb5 31. axb5 axb5 32. Qxb5 Qf6 33. Qb2 Qg5 34. Qd4 Ba6 35. Bh3 Re5 36. Rf2 Rxf2 37. Kxf2 Qh5 38. Kg1 Re7 39. Qf6 Rg7 40. Qxa6 Qxh3 41. Qa8+ Kh7 42. Qxd5 Qg4 43. Rf1 Rd7 44. Rf7+ Rxf7 45. Qxf7+ Kh8 46. Qf8+ Kh7 47. Qe7+ Kg8 48. Qd8+ Kg7 49. Qxc7+ Kg8 50. Qd8+ Kg7 51. c6 Qe2 52. Qd4+ Kg8 53. Qxe4 Qe1+ 54. Kg2 Qe2+ 55. Kh3 Qh5+ 56. Qh4 Qf5+ 57. Qg4 Qf1+ 58. Kh4 Qf6+ 59. Qg5 Qxc6 60. Qf4 Qb5 61. g4 Qa5 62. e4 Qd8+ 63. Qg5 Qb6 64. Qd5+ Kg7 65. Qd7+ Kg8 66. Qe8+ Kg7 67. Qe7+ Kg8 68. Kg5 Qc6 69. h4 Qb6 70. Qe8+ Kg7 71. Qe7+ Kg8 72. Kh6 g5+ 73. Kxg5 Qc6 74. Qd8+ Kg7 75. Qe7+ Kg8 76. e5 Qc1+ 77. Kg6 Qc6+ 78. e6 Qe4+ 79. Kh6 Qe3+ 80. Qg5+ 1-0

[Event "Kingston Invitational Swiss"]
[Site "Kingston-upon-Thames"]
[Date "2025.08.16"]
[Round "9.10"]
[White "Verma, Shlok"]
[Black "Bates, Caspar J"]
[Result "1-0"]
[WhiteElo "2076"]
[BlackElo "2010"]
[PlyCount "99"]
[EventDate "2025.08.12"]
[EventType "swiss"]
[EventRounds "9"]
[EventCountry "ENG"]

1. d4 e6 2. c4 Nf6 3. Nf3 Bb4+ 4. Nbd2 b6 5. a3 Bxd2+ 6. Qxd2 Bb7 7. e3 O-O 8. Be2 d6 9. O-O Nbd7 10. b4 Qe7 11. Rd1 Rfd8 12. Bb2 h6 13. Qc2 Be4 14. Qc3 c5 15. Nd2 Bg6 16. Bf3 cxd4 17. exd4 Rac8 18. Qe3 Rc7 19. a4 Re8 20. a5 d5 21. axb6 axb6 22. c5 bxc5 23. bxc5 Nb8 24. Nb3 Nc6 25. Bc3 Bc2 26. Na5 Bxd1 27. Bxd1 Nxa5 28. Rxa5 Ra7 29. Rxa7 Qxa7 30. f3 Qa6 31. Bc2 Rb8 32. h3 Qc4 33. Qd2 Kf8 34. Bd3 Qa4 35. Kh2 Ra8 36. Qb2 Ne8 37. Qd2 Nc7 38. Qf4 Qd7 39. Qd6+ Ke8 40. Qb6 Kf8 41. Ba5 Rc8 42. c6 Qe8 43. Qb7 Na8 44. Ba6 Rxc6 45. Bb5 Rc7 46. Bxc7 Nxc7 47. Bxe8 Nxe8 48. Qb4+ Kg8 49. Qe7 Nf6 50. g4 1-0

[Event "Kingston Invitational Swiss"]
[Site "Kingston-upon-Thames"]
[Date "2025.08.16"]
[Round "9.11"]
[White "Keane, Graham D J"]
[Black "Agrawal, Shivam"]
[Result "0-1"]
[WhiteElo "2146"]
[BlackElo "2047"]
[PlyCount "72"]
[EventDate "2025.08.12"]
[EventType "swiss"]
[EventRounds "9"]
[EventCountry "ENG"]

1. d4 Nf6 2. Nc3 d5 3. Bf4 e6 4. Nb5 Na6 5. e3 Be7 6. Nf3 O-O 7. h4 c6 8. Nc3 c5 9. h5 Qa5 10. h6 g6 11. Qd2 c4 12. Ne5 Bb4 13. f3 Nc7 14. a3 Nb5 15. axb4 Qxa1+ 16. Kf2 a6 17. Nd1 Nd6 18. Kg1 a5 19. Ng4 Nde4 20. fxe4 Nxg4 21. e5 axb4 22. Be2 c3 23. bxc3 b3 24. cxb3 Ra2 25. Qe1 f5 26. Bxg4 fxg4 27. Kh2 Rf5 28. Rf1 Qb1 29. Kg1 Rh5 30. Qg3 g5 31. Qxg4 Qg6 32. Bg3 Qxh6 33. Nf2 Bd7 34. Nh3 Qg6 35. Qf3 Ra8 36. Be1 g4 0-1

[Event "Kingston Invitational Swiss"]
[Site "Kingston-upon-Thames"]
[Date "2025.08.16"]
[Round "9.12"]
[White "Eames, Robert S"]
[Black "Wilson, Ewan"]
[Result "1-0"]
[WhiteElo "2136"]
[BlackElo "2020"]
[PlyCount "61"]
[EventDate "2025.08.12"]
[EventType "swiss"]
[EventRounds "9"]
[EventCountry "ENG"]

1. e4 c5 2. Nf3 e6 3. d4 cxd4 4. Nxd4 Nc6 5. Nc3 Qc7 6. Be3 a6 7. Qd2 Nf6 8. O-O-O b5 9. Nxc6 Qxc6 10. f3 Bb7 11. Kb1 Be7 12. g4 b4 13. Ne2 d5 14. e5 Nd7 15. Nd4 Qc7 16. f4 O-O 17. g5 Nc5 18. h4 Ne4 19. Qe1 a5 20. h5 a4 21. g6 a3 22. Nb5 Qa5 23. b3 Ba6 24. h6 fxg6 25. Bh3 Qxb5 26. Bxe6+ Kh8 27. hxg7+ Kxg7 28. f5 Rxf5 29. Bxf5 Nc3+ 30. Ka1 Nxd1 31. Rxh7+ 1-0